000 00645nam a2200229Ia 4500
003 OSt
005 20220928140203.0
006 a|||||r|||| 00| 0
007 ta
008 220927b |||||||| |||| 00| 0 eng d
024 _a7430
037 _cTextual
040 _aSDCL
_cSDCL
_beng
041 _2eng
_aeng
082 _aX:741.791'N7, L9
100 _aThrop Rosemary Ed.
_9489502
245 0 _aInflation and stabilisation in Latin America
260 _c1979
700 _a Whitehead Laurence Ed.
_9494559
942 _hX:741.791'N7, L9
_cTEXL
_2CC
999 _c810514
_d810514